Kendrick Quiz - Statistics

General Stats
  • This quiz has been taken 174 times
  • The average score is 9 of 15
Answer Stats
Hint Answer % Correct
New diss track Euphoria
83%
Album that can be played backwards Damn
81%
Kendrick's last name Duckworth
81%
Kendrick's cousin Baby Keem
76%
First song on Mr Morale United in Grief
76%
Regarded the best song of all time Sing about me im dying of thirst
60%
Hit song off of section 80 Hiipower
59%
Highest grossing song Money trees
51%
Emotional song off of Mr morale Mother I Sober
50%
Unscramble: Rhalitg Alright
49%
Feeling of horror Fear
49%
2013 diss track name Control
43%
I love when you..... Count me out
43%
Song ends with Kendrick explaining that he is god How much a dollar cost
40%
Best song Wesley's theory
26%
No matching quizzes found
Score Distribution
Percent of People with Each Score
Percentile by Number Answered
Your Score History
You have not taken this quiz